[Event "Challenge"]
[Site "http://www.queenalice.com/game.php?id=369040"]
[Date "2008.3.11"]
[Round "-"]
[White "peaceman"]
[Black "Slach"]
[Result "1-0"]
[WhiteElo "1232"]
[BlackElo "1636"]

1. d4 Nf6 2. e3 d5 3. Nc3 e6 4. Bb5+ Bd7 5. Nge2 Bb4 6. Bd2 c6 7. Bd3 O-O 8. a3
Bxc3 9. Bxc3 b6 10. Nf4 c5 11. O-O cxd4 12. exd4 Nc6 13. Qf3 Re8 14. Rae1 Bc8
15. g3 e5 16. Bd2 Nxd4 17. Qe3 Ng4 18. Qxd4 exd4 19. b4 Rxe1 20. Rxe1 Bb7 21.
Nh5 f6 22. Kg2 Qd6 23. Kf3 1-0

[Event "Challenge"]
[Site "http://www.queenalice.com/game.php?id=369100"]
[Date "2008.3.11"]
[Round "-"]
[White "Slach"]
[Black "karpovl"]
[Result "1-0"]
[WhiteElo "1727"]
[BlackElo "1498"]

1. e4 e5 2. Nf3 Qf6 3. Nc3 Nc6 4. Bc4 Nd4 5. Nxd4 exd4 6. Nd5 Qc6 7. d3 Nf6 8.
Bf4 Bd6 9. e5 Nxd5 10. Bxd5 Qxd5 11. exd6 Qe6+ 12. Kf1 cxd6 13. Rc1 O-O 14. b3
b5 15. c3 dxc3 16. Rxc3 Bb7 17. f3 Qf6 18. Rc7 Bc6 19. Bc1 Qd8 20. Rxc6 dxc6 21.
f4 Qa5 22. Qg4 Rae8 23. Kf2 Qxa2+ 24. Kg3 f5 25. Qf3 Qxb3 26. Rd1 Rf6 27. Qxc6
Rg6+ 28. Kf2 Rge6 29. Rd2 d5 30. Qd7 Qb4 31. Qc7 Qd4+ 32. Kg3 Rg6+ 33. Kh4 Qf6+
34. Kh3 Re3+ 35. g3 Rh6+ 36. Kg2 a5 37. Bb2 d4 38. Rc2 Qe7 39. Bxd4 Qxc7 40.
Rxc7 Re2+ 41. Kf3 Rexh2 42. Bxg7 Rg6 43. Be5 Rh3 44. Ke3 Rhxg3+ 45. Kd4 h5 46.
Rc5 h4 47. Rxb5 h3 48. Rxa5 h2 49. Ra8+ Kh7 50. Rh8# 1-0

[Event "Challenge"]
[Site "http://www.queenalice.com/game.php?id=369101"]
[Date "2008.3.11"]
[Round "-"]
[White "Slach"]
[Black "O_aprendiz"]
[Result "1-0"]
[WhiteElo "1512"]
[BlackElo "1609"]

1. e4 e5 2. Nf3 Nc6 3. Bc4 Bc5 4. Nc3 Nge7 5. O-O O-O 6. d3 d6 7. b3 Bg4 8. Bb2
a5 9. d4 exd4 10. Nd5 Nxd5 11. exd5 Ne7 12. Qd3 Bxf3 13. Qxf3 d3 14. Qg3 dxc2
15. Qxg7# 1-0

[Event "AUTO-INT-828"]
[Site "http://www.queenalice.com/game.php?id=369402"]
[Date "2008.3.11"]
[Round "1"]
[White "Slach"]
[Black "ludy"]
[Result "0-1"]
[WhiteElo "1597"]
[BlackElo "1784"]

1. e4 c5 2. Nf3 Nc6 3. Bc4 Qc7 4. Nc3 e6 5. O-O Nf6 6. d3 Be7 7. Be3 d5 8. Bb5
a6 9. Bxc6+ Qxc6 10. exd5 Nxd5 11. Nxd5 Qxd5 12. Re1 O-O 0-1

[Event "AUTO-INT-828"]
[Site "http://www.queenalice.com/game.php?id=369403"]
[Date "2008.3.11"]
[Round "1"]
[White "ludy"]
[Black "Slach"]
[Result "1-0"]
[WhiteElo "1770"]
[BlackElo "1597"]

1. e4 e5 2. Nf3 Nc6 3. Bb5 Nf6 4. Qe2 Bc5 5. Bxc6 dxc6 6. Nxe5 Qd6 7. f4 O-O 8.
Nc3 Bb4 9. d3 Bg4 10. Nxg4 Nxg4 11. Qxg4 Bxc3+ 12. bxc3 Rfe8 13. O-O 1-0

[Event "Challenge"]
[Site "http://www.queenalice.com/game.php?id=369493"]
[Date "2008.3.12"]
[Round "-"]
[White "Slach"]
[Black "hooligan"]
[Result "0-1"]
[WhiteElo "1751"]
[BlackElo "1321"]

1. e4 e5 2. Nf3 d6 3. Bc4 Nf6 4. Nc3 Be6 5. Qe2 c6 6. Bxe6 fxe6 7. b3 b5 8. O-O
b4 9. Na4 d5 10. exd5 e4 11. Ne5 Qxd5 12. Bb2 h5 13. h3 g5 14. c4 Qd8 15. Ng6
Rg8 16. Nxf8 Rxf8 17. Bxf6 Qxf6 18. Qxe4 a6 19. Nc5 Ra7 20. Nxe6 Rff7 21. d4
Rae7 22. Rae1 Kd7 23. Nc5+ Kc7 24. Qf3 Qxf3 25. gxf3 Rxe1 26. Rxe1 Rxf3 27. Re5
Rxh3 28. Rxg5 Kd6 29. Kg2 Rh4 30. Nd3 Ke6 31. Nxb4 Kf6 32. Re5 a5 33. Re8 Nd7
34. Nxc6 Rg4+ 35. Kh3 Rf4 36. Nxa5 Kg5 37. c5 Rf3+ 38. Kg2 Rd3 39. c6 Nf6 40.
Rd8 h4 41. c7 h3+ 42. Kh2 Ng4+ 43. Kg1 Rd1# 0-1

[Event "Challenge"]
[Site "http://www.queenalice.com/game.php?id=370178"]
[Date "2008.3.13"]
[Round "-"]
[White "Slach"]
[Black "SGF"]
[Result "0-1"]
[WhiteElo "1751"]
[BlackElo "1623"]

1. e4 e5 2. Nf3 d5 3. d3 dxe4 4. Nxe5 Bc5 5. Nc3 Qf6 6. Nxe4 Qxe5 7. f4 Qe7 8.
Be2 f5 9. Nxc5 Qxc5 10. d4 Qb4+ 11. Bd2 Qxb2 12. O-O Qxd4+ 13. Kh1 Nf6 14. Re1
O-O 15. Qb1 Qxd2 16. Qb3+ Kh8 17. Red1 Qxe2 18. c4 Ng4 19. Re1 Qd2 20. Rad1 Nf2+
21. Kg1 Nxd1 22. Rxd1 Qxf4 23. Qa3 Kg8 24. c5 Be6 25. c6 Nxc6 26. Qb2 Rfd8 27.
Rxd8+ Rxd8 0-1

[Event "Challenge"]
[Site "http://www.queenalice.com/game.php?id=370179"]
[Date "2008.3.13"]
[Round "-"]
[White "Slach"]
[Black "Petrushka"]
[Result "0-1"]
[WhiteElo "1670"]
[BlackElo "1698"]

1. e4 d6 2. d4 Nf6 3. Nc3 g6 4. h3 Bg7 5. Nf3 O-O 6. g4 c5 7. g5 Nh5 8. Be3 Qb6
9. Nd5 Qxb2 10. Nxe7+ Kh8 11. Nd5 Nc6 12. Rb1 Qa3 13. Bb5 f5 14. exf5 Bxf5 15.
Bxc6 bxc6 16. Ne7 Be4 17. Bc1 Qxa2 18. Bb2 Qe6 19. Rf1 Bxf3+ 20. Kd2 Bxd1 21.
Kxd1 Qxe7 22. dxc5 Bxb2 23. Rxb2 Qxg5 24. cxd6 Qd5+ 25. Kc1 Qxd6 26. Re1 Qf4+
27. Kb1 Qxf2 28. Re6 Rab8 29. Rxc6 Qe1+ 30. Ka2 Qa5+ 31. Kb1 Rf1# 0-1

[Event "Challenge"]
[Site "http://www.queenalice.com/game.php?id=370563"]
[Date "2008.3.13"]
[Round "-"]
[White "Slach"]
[Black "kingshess"]
[Result "0-1"]
[WhiteElo "1636"]
[BlackElo "1771"]

1. e4 Nf6 2. Nc3 e5 3. Nf3 d6 4. d4 exd4 5. Nxd4 Nbd7 6. Bg5 Be7 7. Bc4 Ne5 8.
b3 h6 9. Bxf6 Bxf6 10. Nd5 c6 11. Nxf6+ gxf6 12. O-O Rg8 13. Qh5 Nxc4 14. bxc4
Rg6 15. Rae1 Bg4 16. Qh4 Qb6 17. c3 O-O-O 18. Qg3 Be2 19. Qh3+ Bg4 20. Qe3 Rdg8
21. Nf5 Qxe3 22. Nxe3 Bh3 23. Rd1 Kc7 24. Kh1 Bxg2+ 25. Nxg2 Rxg2 26. a4 R2g5
27. Rg1 Re8 28. h4 Rg6 29. f3 Re5 30. Rb1 Rh5 31. Rg4 Rxg4 32. fxg4 Rxh4+ 33.
Kg2 Rxg4+ 34. Kf3 Rh4 35. Rf1 Rh3+ 36. Kg4 Rxc3 37. Rxf6 Rxc4 38. Rxh6 Rxe4+ 39.
Kf3 Rxa4 40. Rf6 Kb6 41. Rxd6 f5 42. Rf6 Re4 43. Rxf5 Re1 44. Kf2 Re8 45. Rf3 a5
46. Rb3+ Ka6 47. Kf1 b5 48. Rc3 Kb6 49. Kf2 c5 50. Rd3 b4 51. Re3 a4 52. Rxe8 a3
53. Re1 a2 54. Ke2 b3 55. Kd2 b2 56. Kc2 a1=Q 57. Rxa1 bxa1=Q 58. Kd2 c4 59. Kc2
c3 60. Kd3 Qb2 61. Kc4 c2 62. Kd3 c1=Q 63. Ke4 Qbd2 64. Ke5 Qce1+ 0-1

[Event "Challenge"]
[Site "http://www.queenalice.com/game.php?id=370564"]
[Date "2008.3.13"]
[Round "-"]
[White "Slach"]
[Black "Lintz"]
[Result "0-1"]
[WhiteElo "1551"]
[BlackElo "1969"]

1. e4 c5 2. Nf3 Nc6 3. Bc4 e6 4. Nc3 a6 5. a4 Nf6 6. O-O e5 7. Re1 d6 8. d3 h6
9. Nd5 Bg4 10. Be3 Be7 11. Nxe7 Qxe7 12. Ra3 Nd4 13. Bxd4 cxd4 14. c3 O-O 15.
cxd4 exd4 16. h3 Bh5 17. Qb3 Bxf3 18. Bd5 Bxg2 19. Kxg2 Rab8 20. Qb6 Nxd5 21.
Qxd4 Nf4+ 22. Kf3 Rbc8 23. Rg1 Ng6 24. Rc3 Rxc3 25. bxc3 Kh8 26. Ke2 Qe6 27. Kf1
Qxh3+ 28. Ke1 Qe6 29. c4 Ne5 30. Ke2 f5 31. exf5 Qxf5 32. Qxd6 Qxf2+ 33. Kd1
Qxg1+ 34. Kd2 Rf2+ 35. Kc3 Qa1+ 36. Kb4 Nc6+ 0-1

[Event "AUTO-ADV-835"]
[Site "http://www.queenalice.com/game.php?id=370896"]
[Date "2008.3.14"]
[Round "1"]
[White "Railton"]
[Black "Slach"]
[Result "1-0"]
[WhiteElo "1768"]
[BlackElo "1623"]

1. g3 e5 2. Bg2 Nf6 3. d3 d5 4. Nf3 Bc5 5. Nxe5 O-O 6. Bg5 Nc6 7. Nxc6 bxc6 8.
Bxf6 Qxf6 9. O-O Re8 10. c3 Rb8 11. b4 Bb6 12. d4 Bf5 13. e3 a5 14. a3 axb4 15.
axb4 Ra8 16. Nd2 Bd3 17. Re1 Be4 18. Nxe4 Rxa1 19. Nxf6+ Kf8 20. Qxa1 gxf6 21.
e4 dxe4 22. Bxe4 1-0

[Event "AUTO-ADV-835"]
[Site "http://www.queenalice.com/game.php?id=370897"]
[Date "2008.3.14"]
[Round "1"]
[White "Slach"]
[Black "Railton"]
[Result "1-0"]
[WhiteElo "1611"]
[BlackElo "1767"]

1. e4 d5 2. Bd3 a6 3. Nf3 Bg4 4. O-O Bxf3 5. Qxf3 dxe4 6. Bxe4 c6 7. d4 Nf6 8.
Nc3 e6 9. Bg5 Be7 10. b4 Qxd4 11. Rad1 Qxb4 12. Qg3 Nxe4 13. Nxe4 Qxe4 14. Bxe7
Kxe7 15. Qa3+ Ke8 16. Rfe1 Qh4 17. Qd6 Qe7 18. Qg3 g6 19. Rd2 Qb4 20. Red1 Kf8
21. Rd8+ Kg7 22. Rxh8 Kxh8 23. Qe5+ f6 24. Qxf6+ 1-0

[Event "AUTO-ADV-835"]
[Site "http://www.queenalice.com/game.php?id=370910"]
[Date "2008.3.14"]
[Round "1"]
[White "LaurieTournier"]
[Black "Slach"]
[Result "1-0"]
[WhiteElo "1642"]
[BlackElo "1645"]

1. e4 e5 2. Nf3 Nc6 3. Bc4 Bc5 4. O-O d6 5. c3 Bg4 6. Qb3 Nf6 7. Bxf7+ Kf8 8.
Ng5 h6 9. Ne6+ Bxe6 10. Qxe6 Qc8 11. Qxc8+ Rxc8 12. Bg6 b5 13. d3 d5 14. exd5
Nxd5 15. Be4 Nf6 16. Bxc6 g5 17. Be3 Bxe3 18. fxe3 Kg7 19. Nd2 Rhd8 20. d4 exd4
21. exd4 Rd6 22. Be4 Re8 23. Rae1 Nxe4 24. Rxe4 Rde6 25. Rfe1 Rxe4 26. Rxe4 Rxe4
27. Nxe4 Kg6 28. Kf2 Kf5 29. Ke3 h5 30. Nc5 h4 31. Na6 Kg4 32. Nxc7 h3 33. g3 a6
34. d5 Kf5 35. d6 Kf6 36. Kd4 Kf5 37. d7 g4 38. d8=Q a5 39. Nd5 a4 40. Qf6# 1-0

[Event "AUTO-ADV-835"]
[Site "http://www.queenalice.com/game.php?id=370911"]
[Date "2008.3.14"]
[Round "1"]
[White "Slach"]
[Black "LaurieTournier"]
[Result "0-1"]
[WhiteElo "1707"]
[BlackElo "1623"]

1. e4 e6 2. Nf3 d5 3. Bd3 Nf6 4. Nc3 c5 5. exd5 exd5 6. Bb5+ Bd7 7. Bxd7+ Nbxd7
8. d4 Rc8 9. O-O Be7 10. Re1 O-O 11. Nb5 a6 12. Na3 Re8 13. Bg5 h6 14. Bxf6 Bxf6
15. c4 dxc4 16. Nxc4 cxd4 17. Nd6 Rxe1+ 18. Qxe1 Rc6 19. Nxb7 Qc7 20. Na5 Rc2
21. h4 d3 22. Nb3 Bxb2 23. Rb1 Bc3 24. Qe3 Qd6 25. Nbd4 Bxd4 26. Nxd4 Rxa2 27.
Qxd3 Ra4 28. Rd1 Nf6 29. Nf5 Qxd3 30. Rxd3 Ng4 31. f3 Ra1+ 32. Rd1 Rxd1# 0-1

[Event "AUTO-ADV-835"]
[Site "http://www.queenalice.com/game.php?id=370920"]
[Date "2008.3.14"]
[Round "1"]
[White "Slach"]
[Black "cecel"]
[Result "0-1"]
[WhiteElo "1618"]
[BlackElo "1747"]

1. e4 e5 2. Nf3 Qe7 3. Bc4 h6 4. d4 d6 5. Nc3 c6 6. d5 g5 7. g3 Bh3 8. dxc6 bxc6
9. Be3 Bg7 10. Qd2 Nf6 11. Ng1 Bg2 12. O-O-O Bxh1 0-1

[Event "AUTO-ADV-835"]
[Site "http://www.queenalice.com/game.php?id=370921"]
[Date "2008.3.14"]
[Round "1"]
[White "cecel"]
[Black "Slach"]
[Result "1-0"]
[WhiteElo "1758"]
[BlackElo "1607"]

1. e4 Nc6 2. d4 e6 3. c4 f5 4. e5 d5 5. c5 Be7 6. Bb5 Bd7 7. Nf3 a6 8. Ba4 b6 9.
Bxc6 Bxc6 10. Nc3 bxc5 11. Be3 cxd4 12. Nxd4 1-0